|
|
|
|
| LEADER |
00000nab a2200000 a 4500 |
| 001 |
vtls000931863 |
| 003 |
SK-MaSNL |
| 005 |
20260304201248.0 |
| 008 |
040720e20031021xo 0 slo |
| 035 |
|
|
|a KE40740
|
| 040 |
|
|
|a KEVKJB
|b slo
|c KEVKJB
|e AACR2
|
| 041 |
0 |
|
|a slo
|
| 044 |
|
|
|a xo
|c SK
|
| 080 |
|
|
|a 784.66
|2 1981
|
| 080 |
|
|
|a 929
|2 1981
|
| 100 |
1 |
|
|a Milinčič, Sandra
|4 aut
|9 1019712
|
| 245 |
1 |
0 |
|a Prvú gitaru dostal na desiate Vianoce
|b víťaz Košického zlatého pokladu Peter Krak hrával aj na ulici pred cukrárňou Aida
|
| 300 |
|
|
|b 1 foto
|
| 590 |
|
|
|a Krak, Peter
|b hudobník, víťaz súťaže Košický zlatý poklad
|
| 600 |
1 |
7 |
|a Krak, Peter
|2 KEVKJB
|9 1532920
|
| 611 |
1 |
7 |
|a Košický zlatý poklad (Košice, Slovensko)
|2 KEVKJB
|9 94881
|
| 650 |
0 |
7 |
|a populárna hudba
|2 KEVKJB
|9 3428
|
| 650 |
0 |
7 |
|a profily
|2 KEVKJB
|9 28648
|
| 650 |
0 |
7 |
|a roč. 19.
|2 KEVKJB
|9 1028123
|
| 651 |
|
7 |
|a Košice (Slovensko)
|2 KEVKJB
|9 18694
|
| 651 |
|
7 |
|a KE,
|2 KEVKJB
|9 877256
|
| 655 |
|
7 |
|a periodikum
|2 snkbucl
|9 29553
|
| 773 |
0 |
8 |
|t Košický večer
|g Roč. 14
|g Roč. 35, č.201, 21.10.2003, s. 8
|
| 852 |
|
|
|a ZVYKNI
|b KIS3GCP
|
| 999 |
|
|
|c 3094113
|d 3096043
|